000 00754cam a2200253 i 4500
008
020 _a9780273775096 (pbk.)
049 _aMAIN
090 _aHD69.P75
_bBAR.
100 1 _aBarker, Stephen.
245 1 0 _aBrilliant project management :
_bwhat the best project managers know, do and say /
_cStephen Barker and Rob Cole.
246 3 0 _aProject management
250 _a3rd ed.
260 1 _aHarlow, England :
_bPearson,
_c2012.
300 _ax, 187 pages ;
_c22 cm
500 _aIncludes index.
650 0 _aProject management.
700 1 _aCole, Rob.
907 _a.b10350901
_b25-11-14
_c25-11-14
003
005 20230123122120.0
040 _cNUST
942 _cBOOKS
_kHD69.P75
_mBAR.
999 _c128059
_d128059